Conocer a Machiavelli (Registro nro. 4383)

Detalles MARC
000 -LEADER
fixed length control field 01110 a2200229 4500
001 - CONTROL NUMBER
control field 47486
005 - DATE AND TIME OF LATEST TRANSACTION
control field 20260407155742.0
008 - FIXED-LENGTH DATA ELEMENTS--GENERAL INFORMATION
fixed length control field 260407a2017 arg spa d
003 - CONTROL NUMBER IDENTIFIER
control field AR-UNSa-BCEJYS
040 ## - CATALOGING SOURCE
Original cataloging agency AR-UNSa-BCEJYS
Language of cataloging spa
Transcribing agency AR-UNSa-BCEJYS
080 ## - UNIVERSAL DECIMAL CLASSIFICATION NUMBER
Universal Decimal Classification number 929
Common auxiliary subdivision Estudios biográficos y relacionados
020 ## - INTERNATIONAL STANDARD BOOK NUMBER
International Standard Book Number 978-987-3886-29-4
041 ## - LANGUAGE CODE
Language code of text/sound track or separate title spa
100 1# - MAIN ENTRY--PERSONAL NAME
Personal name Frondizi, Román
245 10 - TITLE STATEMENT
Title Conocer a Machiavelli
264 #1 - PRODUCTION, PUBLICATION, DISTRIBUTION, MANUFACTURE, AND COPYRIGHT NOTICE
Place of production, publication, distribution, manufacture Buenos Aires :
Name of producer, publisher, distributor, manufacturer Cathedra Jurídica
Date of production, publication, distribution, manufacture, or copyright notice 2017
300 ## - PHYSICAL DESCRIPTION
Extent xxxiv, 445 p.
Dimensions 23 cm.
505 ## - FORMATTED CONTENTS NOTE
Formatted contents note 1. Cronología - 2. Niccolò Machiavelli y su circunstancia histórica - 3. Bosquejo biográfico - 4. La triada de Machiavelli - 5. El método de Machiavelli - 6. El saber y el arte políticos - 7. La idea del Estado. Movimiento, estabilidad, ordenamiento - 8. Los discorsi sopra la prima deca de Tito Livio - 9. Il principe - 10. La autonomía de la política y la cuestión moral - 11. Apuntes finales.
590 ## - LOCAL NOTE (RLIN)
Local note niveau_biblio:m niveau_hierar:0
856 41 - ELECTRONIC LOCATION AND ACCESS
Uniform Resource Identifier <a href="https://www.biblioeco.unsa.edu.ar/pmb/images/libros/L127527.jpg">https://www.biblioeco.unsa.edu.ar/pmb/images/libros/L127527.jpg</a>
Link text Imagen de portada
Electronic format type image/jpeg
942 ## - ADDED ENTRY ELEMENTS (KOHA)
Koha item type
Existencias
Withdrawn status Lost status Damaged status Not for loan Home library Current library Shelving location Date acquired Total checkouts Full call number Barcode Date last seen Price effective from Koha item type
        Biblioteca Prof. Eusebio Cleto del Rey Biblioteca Prof. Eusebio Cleto del Rey   07/04/2026   929MACHIAVELLI F933 L127527 07/04/2026 07/04/2026 Libro